000 00278cam a22000977a 4500
008 180718b1962 xxu||||| |||| 00| 0 eng d
082 _aK1064x73 F317
245 _aFederal employees almanac
260 _aWashington
_bNew Digest
_c1962
650 _aPersonnel, Public - USA - Yearbooks
999 _c365235
_d365235